000
00296nam a2200097Ia 4500
008
240331s9999 xx 000 0 und d
082
_b
MAJ
100
_a
Majupura, I
245
0
_a
Nepalese women :
_b
status and role of Nepalese women in life-religious, social,economics,political and legal
942
_c
L
999
_c
1873
_d
1873